The Federal Court of Appeal and the Federal Court 50 Years of History /

Detalles Bibliográficos
Autor principal: Forcese, Craig
Otros Autores: Valois, Martine, Greene, Ian, McCormick, Peter
Formato: eBook
Lenguaje:inglés
Publicado: Toronto: Irwin Law Inc., 2021
Colección:Irwin Books Archive
Materias:
Acceso en línea:Acceso restringido

MARC

LEADER 00000nam a22000007a 4500
005 20211104204034.0
007 cr|||| ||||
008 211104s2021 ca |||||s|||| 00||0 eng d
020 |a 9781552215487 
035 |a 35585 
040 |a vLex 
090 |c 12638  |d 12638 
100 1 |a Forcese, Craig 
245 1 3 |a The Federal Court of Appeal and the Federal Court  |h [Recurso electrn̤ico] :  |b 50 Years of History /  |c Craig Forcese, Martine Valois, Ian Greene, Peter McCormick 
256 |a Servicio en ln̕ea 
260 |a Toronto:  |b Irwin Law Inc.,  |c 2021 
300 |a 1 recurso electrn̤ico 
490 0 |a Irwin Books Archive 
500 |a The Federal Court of Appeal and Federal Court are unique among Canada's courts because they are itinerant — they hear cases in all parts of Canada — as well as being bilingual and bijural. This book was prepared for the celebration of the fiftieth anniversary of the Federal Courts in 2021. Seventy-eight current and retired judges and prothonotaries on the two courts were interviewed and are referred to throughout the book. The authors present a brief history of these courts and their predecessor — the Exchequer Court of Canada — and an overview of the courts' jurisdiction, decision-making trends, and unique attributes. There are chapters on each of the courts' specialties — administrative law, immigration and refugee law, intellectual property, security and intelligence, Indigenous issues, the environment, admiralty, labour and human rights, and tax. Chief Justice Nol︠ and Chief Justice Crampton each contribute a chapter. The preface is by Justice Frank Iacobucci and the epilogue by Justice Robert Dčary. 
506 1 |a Disponible solo en los productos indicados  |d vLex Global  |d vLex Global (Academic Edition, excluding Law Schools)  |d vLex Global (U.S. Academic Edition, Law Schools)  |d vLex Global (U.S. Academic Edition, excluding Law Schools)  |d vLex Global (Academic Edition, Law Schools) 
650 0 4 |a Derecho Militar  |z Canad̀ 
650 0 4 |a Historia y geografa̕  |z Canad̀ 
700 1 |a Valois, Martine 
700 1 |a Greene, Ian 
700 1 |a McCormick, Peter 
740 0 |a vLex Libros (Servicio en ln̕ea) 
856 4 0 |u https://app.vlex.com/#/sources/35585  |z Acceso restringido 
942 |c BOOK 
999 0 |a Military Law 
999 0 |a History and geography